Normal view
MARC view
- Terrell, David L
Entry Personal Name
001 - CONTROL NUMBER
- control field: 106302
003 - CONTROL NUMBER IDENTIFIER
- control field: NUST
005 - DATE AND TIME OF LATEST TRANSACTION
- control field: 20221229083002.0
008 - FIXED-LENGTH DATA ELEMENTS
- fixed length control field: 221229|| aca||aabn | a|a d
040 ## - CATALOGING SOURCE
- Original cataloging agency: NUST
- Transcribing agency: NUST
100 ## - HEADING--PERSONAL NAME
- Personal name: Terrell, David L
670 ## - SOURCE DATA FOUND
- Source citation: Work cat.: (NUST)183883: Terrell, David L., Op Amps :, c1996.
